TNA Roster - Statistics

General Stats
  • This quiz has been taken 21 times
  • The average score is 19 of 70
Answer Stats
Hint Answer % Correct
Nic Nemeth
79%
Jeff Hardy
71%
Joe Hendry
71%
Matt Hardy
71%
Ryan Nemeth
71%
AJ Francis
64%
Brian Myers
57%
Jordynne Grace
57%
Josh Alexander
57%
Matt Cardona
57%
Moose
57%
Rhino
57%
Arianna Grace
50%
Eddie Edwards
50%
Masha Slamovich
50%
Alisha Edwards
43%
Eric Young
43%
KC Navarro
43%
PCO
43%
Rich Swann
43%
Travis Williams
43%
Frankie Kazarian
36%
JDC
36%
Mike Santana
36%
Rosemary
36%
Steve Maclin
36%
Trey Miguel
36%
Zachary Wentz
36%
TNA Ace Austin
29%
Leon Slater
29%
Sami Callihan
29%
Tommy Dreamer
29%
Chris Bey
21%
Crazzy Steve
21%
Jake Something
21%
Jonathan Gresham
21%
Judas Icarus
21%
Lei Ying Lee
21%
Tasha Steelz
21%
Dani Luna
14%
Killer Kelly
14%
Kilynn King
14%
Kushida
14%
Laredo Kid
14%
Steph De Lander
14%
Trent Seven
14%
Xia Brookside
14%
Alan Angels
7%
Cody Deaner
7%
Hammerstone
7%
Havok
7%
Jai Vidal
7%
Jason Hotch
7%
Jody Threat
7%
Joe Doering
7%
Johnny Swinger
7%
John Skyler
7%
Kon
7%
Savannah Evans
7%
Aiden Prince
0%
Alpha Bravo
0%
Ash By Elegence
0%
Bhupinder Gujjar
0%
Brinley Reece
0%
Heather By Elegence
0%
Jack Price
0%
Kevin Knight
0%
Sheldon Jean
0%
Shera
0%
Su Yung
0%
No matching quizzes found
Score Distribution
Percent of People with Each Score
Percentile by Number Answered
Your Score History
You have not taken this quiz